Metodología de la investigación / (Registro nro. 4212)
[ vista simple ]
| 000 -CABECERA | |
|---|---|
| campo de control de longitud fija | 01420nam a22001937a 4500 |
| 003 - IDENTIFICADOR DEL NÚMERO DE CONTROL | |
| campo de control | AR-RoIUNI |
| 005 - FECHA Y HORA DE LA ÚLTIMA TRANSACCIÓN | |
| campo de control | 20251105112703.0 |
| 007 - CAMPO FIJO DE DESCRIPCIÓN FÍSICA--INFORMACIÓN GENERAL | |
| campo de control de longitud fija | ta |
| 008 - DATOS DE LONGITUD FIJA--INFORMACIÓN GENERAL | |
| campo de control de longitud fija | 181219s2001 ag a|||fr|||| 001 0 spa d |
| 040 ## - FUENTE DE LA CATALOGACIÓN | |
| Centro/agencia transcriptor | AR-RoIUNI |
| 080 ## - NÚMERO DE LA CLASIFICACIÓN DECIMAL UNIVERSAL | |
| Número de la Clasificación Decimal Universal | 001.891 FUC |
| 110 ## - ENTRADA PRINCIPAL--NOMBRE DE ENTIDAD CORPORATIVA | |
| Nombre de entidad corporativa o nombre de jurisdicción como elemento de entrada | Fundación Unión de Centros Educativos |
| 245 1# - MENCIÓN DE TÍTULO | |
| Título | Metodología de la investigación / |
| Mención de responsabilidad, etc. | Fundación unión de centros educativos |
| 260 ## - PUBLICACIÓN, DISTRIBUCIÓN, ETC. (PIE DE IMPRENTA) | |
| Lugar de publicación, distribución, etc. | Buenos Aires: |
| Nombre del editor, distribuidor, etc. | FUCE, |
| Fecha de publicación, distribución, etc. | 2001 |
| 300 ## - DESCRIPCIÓN FÍSICA | |
| Extensión | 150 p. ; |
| Dimensiones | 30 cm. |
| 520 ## - SUMARIO, ETC. | |
| Sumario, etc. | La disposición de abordar el conocimiento, sobre distintas problemáticas susceptibles de ser estudiadas científicamente, no sólo requiere el debido saber de los conceptos que conforman los distintos cuerpos teóricos disciplinarios, sino también y de manera fundamental, el necesario conjunto de herramientas e instrumentos, que permiten que tal conocimiento pueda ser relevado y se torne mensurable, a los fines de su posterior análisis, interpretación o experimentación. Tal conjunto de herramientas e instrumentos conforman la metodología de la investigación científica, que nos orienta en el camino a seguir para dar los pasos necesarios, que nos llevaran a cumplir con los objetivos que nos hemos propuesto, ya sean estos poner a prueba una hipótesis, disprobar otra o establecer un estudio exploratorio descriptivo, sobre algún área de interés científico. |
| 650 10 - PUNTO DE ACCESO ADICIONAL DE MATERIA--TÉRMINO DE MATERIA | |
| 9 (RLIN) | 485 |
| Término de materia o nombre geográfico como elemento inicial | Metodología de la Investigación |
| 942 ## - ELEMENTOS DE PUNTO DE ACCESO ADICIONAL (KOHA) | |
| Fuente del sistema de clasificación o colocación | Clasificación Decimal Universal |
| Tipo de ítem Koha | Libros |
| Estado de retiro | Estado de pérdida | Fuente del sistema de clasificación o colocación | Estado dañado | Excepción de préstamo | Código de colección | Localización permanente | Ubicación/localización actual | Ubicación en estantería | Fecha de adquisición | Número de inventario | Total de préstamos | Signatura topográfica completa | Código de barras | Fecha visto por última vez | Precio válido a partir de | Tipo de ítem Koha |
|---|---|---|---|---|---|---|---|---|---|---|---|---|---|---|---|---|
| Clasificación Decimal Universal | Metodología | BIBLIOTECA CENTRAL | BIBLIOTECA CENTRAL | BIBLIOTECA CENTRAL | 19/12/2018 | 4760 | 001.891 MET | 4760c | 19/12/2018 | 19/12/2018 | Libros |

